Animal to Country - Easy - Statistics

General Stats
  • This quiz has been taken 43 times
  • The average score is 8 of 9
Answer Stats
Hint Answer % Correct
Kangaroo Australia
97%
Giant Panda China
95%
Beaver Canada
90%
Bengal Tiger India
90%
Bald Eagle United States
90%
Nile Crocodile Egypt
85%
Koi Japan
79%
Komodo Dragon Indonesia
74%
Lemur Madagascar
72%
No matching quizzes found
Score Distribution
Percent of People with Each Score
Percentile by Number Answered
Your Score History
You have not taken this quiz